|
|
|
|
| LEADER |
00663cam a2200193 a 4500 |
| 005 |
20160322164945.0 |
| 008 |
960709s1997 maua b 001 0 eng |
| 020 |
|
|
|a 9788177586725
|
| 041 |
|
|
|a eng
|
| 082 |
0 |
0 |
|a 004.41
|b HUM
|
| 100 |
1 |
|
|a Humphrey, Watts S.,
|9 205
|
| 245 |
1 |
0 |
|a Introduction to the personal software process /
|c Watts S. Humphrey.
|
| 260 |
|
|
|a New Delhi :
|b Pearson,
|c c2006.
|
| 300 |
|
|
|a xxiv, 278 p. :
|
| 440 |
|
0 |
|a SEI series in software engineering
|9 206
|
| 650 |
|
0 |
|a Software engineering.
|9 200
|
| 942 |
|
|
|c BK
|6 _
|
| 999 |
|
|
|c 151566
|d 151566
|
| 952 |
|
|
|0 0
|1 0
|4 0
|6 00441_HUM
|7 0
|9 198917
|a DCS
|b DCS
|c GEN
|d 2013-09-05
|o 004.41 HUM
|p MCS05653
|r 2013-09-05
|w 2013-09-05
|y BK
|